[Event "AUTO-MASTER-2394"]
[Site "http://www.queenalice.com/game.php?id=1425036"]
[Date "2016.5.27"]
[Round "2"]
[White "peritezz"]
[Black "CCapivara"]
[Result "1-0"]
[WhiteElo "2317"]
[BlackElo "2191"]

1. d4 d6 2. e4 Nf6 3. Nf3 Nxe4 4. Bd3 Nf6 5. O-O Bg4 6. c4 c6 7. Re1 Nbd7 8. Nc3
g6 9. Bf4 Bg7 10. Bxd6 e6 11. h3 Bxf3 12. Qxf3 Bf8 13. Bf4 Bg7 14. d5 cxd5 15.
cxd5 O-O 16. dxe6 fxe6 17. Bd6 Rf7 18. Rxe6 Qb6 19. Qe2 Qa5 20. Bc4 Kh8 21. Rd1
h6 22. Re3 Rff8 23. Bxf8 Rxf8 24. Nd5 Nb6 25. Nxf6 Bxf6 26. Re8 1-0

[Event "AUTO-MASTER-2394"]
[Site "http://www.queenalice.com/game.php?id=1425037"]
[Date "2016.5.27"]
[Round "2"]
[White "CCapivara"]
[Black "peritezz"]
[Result "0-1"]
[WhiteElo "2214"]
[BlackElo "2308"]

1. e4 c5 2. Nf3 d6 3. d4 cxd4 4. Nxd4 Nf6 5. Nc3 g6 6. Be3 Bg7 7. Be2 O-O 8. Qd2
Nc6 9. O-O-O Ng4 10. Bxg4 Bxg4 11. f3 Bd7 12. g4 Ne5 13. Bh6 Nc4 14. Qg5 Qb6 15.
b3 Qb4 16. Bxg7 Qa3+ 0-1

[Event "AUTO-MASTER-2394"]
[Site "http://www.queenalice.com/game.php?id=1425038"]
[Date "2016.5.27"]
[Round "2"]
[White "peritezz"]
[Black "niclep"]
[Result "1-0"]
[WhiteElo "2325"]
[BlackElo "2093"]

1. d4 d5 2. c4 e6 3. Nf3 h6 4. Nc3 Nf6 5. e3 b6 6. Ne5 Bd6 7. Qa4+ Bd7 8. Nxd7
Nbxd7 9. cxd5 exd5 10. Bb5 a6 11. Bc6 b5 12. Nxb5 Rb8 13. Nxd6+ cxd6 14. Qxa6
O-O 15. O-O Rb6 16. Qa4 Nb8 17. Bb5 Nbd7 18. Bd2 Qe7 19. Qb3 Rfb8 20. a4 Nf8 21.
Qd3 Ne6 22. Rfc1 Nc7 23. Ba5 R6b7 24. Bxc7 Rxc7 25. Rc2 Rbc8 26. Rac1 Ne4 27. f3
Nf6 28. Rxc7 Rxc7 29. Rxc7 Qxc7 30. Qc3 Qe7 31. a5 Ne8 32. Bxe8 Qxe8 33. a6 Qb5
34. a7 Qa6 35. Qa3 1-0

[Event "AUTO-MASTER-2394"]
[Site "http://www.queenalice.com/game.php?id=1425039"]
[Date "2016.5.27"]
[Round "2"]
[White "niclep"]
[Black "peritezz"]
[Result "0-1"]
[WhiteElo "2081"]
[BlackElo "2330"]

1. e4 c6 2. d4 d5 3. e5 Bf5 4. Bd3 Bxd3 5. Qxd3 e6 6. Nf3 Ne7 7. O-O Ng6 8. Nc3
Be7 9. Ne2 c5 10. c3 Nc6 11. Be3 cxd4 12. cxd4 O-O 13. a3 Qb6 14. Nd2 Nh4 15.
Nf4 a5 16. Nh3 Nf5 17. Nf3 a4 18. Rfd1 Na5 19. Nd2 Rfc8 20. Ra2 Rc7 21. Nb1 Qb3
22. Qxb3 Nxb3 23. Nc3 Rc4 24. Ne2 f6 25. Nhf4 fxe5 26. dxe5 Nxe3 27. fxe3 Bc5
28. Nxe6 Bxe3+ 29. Kh1 Re8 30. Nxg7 Kxg7 31. Rxd5 Nc1 32. Ra1 Nxe2 33. Re1 Rc1
34. Rdd1 Rxe5 35. h3 Rec5 36. Kh2 Bf4+ 37. Kh1 Rxd1 38. Rxd1 Rc1 39. Rxc1 Bxc1
40. g4 Bxb2 41. Kg2 Bxa3 42. Kf3 Nc3 43. Ke3 b5 44. Kd3 b4 45. Kc4 Kf6 46. Kd4
Kg5 47. Ke3 b3 48. Kd3 b2 49. Kxc3 b1=Q 50. Kd4 Kf4 51. Kd5 Qe4# 0-1

[Event "OS INCLIVEIS"]
[Site "http://www.queenalice.com/game.php?id=1503440"]
[Date "2017.11.13"]
[Round "-"]
[White "adelio"]
[Black "peritezz"]
[Result "0-1"]
[WhiteElo "1484"]
[BlackElo "2298"]

1. d4 Nf6 2. c4 g6 3. Nc3 Bg7 4. e4 d6 5. Be2 O-O 6. Bg5 Nbd7 7. Nh3 c5 8. f3
cxd4 9. Nd5 Nxd5 10. cxd5 Nc5 11. O-O Bxh3 12. gxh3 Qd7 13. h4 h6 14. Bxe7 Qxe7
15. b4 d3 16. bxc5 Bxa1 17. Bxd3 Bd4+ 18. Kh1 Qxh4 19. cxd6 Be5 20. Qe2 Bxd6 21.
f4 Bxf4 22. Qb2 Rac8 23. Rg1 Rc7 24. e5 Rfc8 25. Bxg6 fxg6 26. d6 Rc1 27. Qb3+
Kf8 28. Qb2 Rxg1+ 29. Kxg1 Rc1+ 30. Kg2 Qxh2+ 31. Kf3 Qxb2 32. Kxf4 Qb4+ 33. Ke3
Rc3+ 34. Kd2 Qb2+ 35. Ke1 Rc1# 0-1

[Event "OS INCLIVES"]
[Site "http://www.queenalice.com/game.php?id=1503441"]
[Date "2017.11.13"]
[Round "-"]
[White "peritezz"]
[Black "adelio"]
[Result "1-0"]
[WhiteElo "2297"]
[BlackElo "1486"]

1. e4 c5 2. Nf3 Nc6 3. c3 d6 4. Bb5 a6 5. Ba4 b5 6. Bc2 e5 7. d4 Be7 8. O-O h5
9. d5 Bg4 10. dxc6 h4 11. h3 Bxf3 12. Qxf3 g5 13. a4 Bf6 14. axb5 axb5 15. Ra3
Ke7 16. b4 Nh6 17. bxc5 dxc5 18. Rd1 Qb6 19. Rd7+ Ke6 20. Qd3 Be7 21. Rxe7+ Kxe7
22. Bxg5+ f6 23. Qd7+ Kf8 24. Rxa8+ Qd8 25. Rxd8# 1-0

[Event "AUTO-MASTER-2663"]
[Site "http://www.queenalice.com/game.php?id=1503590"]
[Date "2017.11.14"]
[Round "1"]
[White "peritezz"]
[Black "Sacapiece"]
[Result "1-0"]
[WhiteElo "2309"]
[BlackElo "2247"]

1. e4 c5 2. Nf3 d6 3. Bc4 Nf6 4. d3 e6 5. Bg5 Be7 6. O-O O-O 7. Nc3 Nc6 8. a3
Re8 9. Re1 h6 10. Bf4 a6 11. e5 dxe5 12. Nxe5 Nxe5 13. Bxe5 b5 14. Ba2 Bb7 15.
Ne2 Ng4 16. Bg3 Bf6 17. Rb1 Rc8 18. Nf4 Ne5 19. Nh5 Ng6 20. Nxf6+ gxf6 21. b4 f5
22. f3 Bd5 23. c4 Ba8 24. bxc5 bxc4 25. Bxc4 Rxc5 26. Bf2 Rc6 27. Qa4 Qc8 28.
Rb6 Rxb6 29. Bxb6 Bb7 30. Be3 Kh7 31. Rc1 Qa8 32. Qd7 Re7 33. Qd6 Qg8 34. Rc2
Re8 35. Rb2 Rd8 36. Qc7 Bd5 37. Bxa6 f4 38. Bc5 Nh4 39. Qxf4 Nxf3+ 40. Kf1 Nxh2+
41. Qxh2 Qg5 42. Rb1 Rg8 43. g3 Qf5+ 44. Qf2 Qh3+ 45. Ke2 Rxg3 46. Qxf7+ Rg7 47.
Qf6 Rg2+ 48. Bf2 Qg4+ 49. Ke1 Qh3 50. Rb8 Rg1+ 51. Bxg1 Qg3+ 52. Kd2 Qxb8 53.
Qf7+ Kh8 54. Bd4+ e5 55. Qf6+ 1-0

[Event "AUTO-MASTER-2663"]
[Site "http://www.queenalice.com/game.php?id=1503591"]
[Date "2017.11.14"]
[Round "1"]
[White "Sacapiece"]
[Black "peritezz"]
[Result "1-0"]
[WhiteElo "2263"]
[BlackElo "2305"]

1. e4 c5 2. Nf3 Nc6 3. d4 cxd4 4. Nxd4 g6 5. Nc3 Bg7 6. Be3 Nf6 7. Bc4 O-O 8.
Bb3 d6 9. f3 Bd7 10. Qd2 Rc8 11. h4 Ne5 12. O-O-O Nc4 13. Bxc4 Rxc4 14. h5 Nxh5
15. g4 Nf6 16. Bh6 e6 17. Bxg7 Kxg7 18. Qh6+ Kg8 19. e5 dxe5 20. g5 Nh5 21. Rxh5
gxh5 22. Ne4 1-0

[Event "AUTO-MASTER-2663"]
[Site "http://www.queenalice.com/game.php?id=1503594"]
[Date "2017.11.14"]
[Round "1"]
[White "peritezz"]
[Black "Constante"]
[Result "1-0"]
[WhiteElo "2302"]
[BlackElo "2149"]

1. d4 Nf6 2. c4 e6 3. Nc3 Bb4 4. Nf3 b6 5. Bg5 Bb7 6. e3 h6 7. Bh4 g5 8. Bg3 Ne4
9. Qc2 Bxc3+ 10. bxc3 d6 11. Bd3 f5 12. Bxe4 Bxe4 13. Qa4+ Nd7 14. O-O O-O 15.
Nd2 Bb7 16. h3 Nf6 17. Rab1 Nh5 18. Bh2 Qe7 19. Rfe1 Nf6 20. c5 dxc5 21. Be5 Nd7
22. Bxc7 Nf6 23. Be5 Nd7 24. Bh2 Rfc8 25. Qa3 Qf8 26. Nc4 Be4 27. Rbc1 Bd5 28.
Nd6 Rd8 29. Nb5 a6 30. Nc7 Ra7 31. c4 Bc6 32. Nxe6 Qe7 33. Nxd8 Qxd8 34. d5 Bb7
35. Qd3 Qf6 36. f4 Ra8 37. e4 Nf8 38. exf5 Rd8 39. fxg5 hxg5 40. Be5 1-0

[Event "AUTO-MASTER-2663"]
[Site "http://www.queenalice.com/game.php?id=1503595"]
[Date "2017.11.14"]
[Round "1"]
[White "Constante"]
[Black "peritezz"]
[Result "0-1"]
[WhiteElo "2219"]
[BlackElo "2292"]

1. Nf3 d5 2. g3 Nf6 3. Bg2 c6 4. O-O Bg4 5. d3 Nbd7 6. Nbd2 e5 7. e4 d4 8. h3
Be6 9. Ng5 Nc5 10. Nxe6 Nxe6 11. Nc4 Nd7 12. a4 Bb4 13. Bd2 Bxd2 14. Qxd2 O-O
15. a5 b5 16. Nd6 Ndc5 17. Nf5 Nb7 18. b4 c5 19. a6 Nd6 20. bxc5 Nxc5 21. Qb4
Qc7 22. Nxd6 Qxd6 23. Qxb5 Rab8 24. Qa5 Rb2 25. Ra2 Rfb8 26. Qa3 Rxa2 27. Qxa2
Qxa6 28. Qxa6 Nxa6 29. Ra1 Nb4 30. Rxa7 Nxc2 31. Rc7 Ne1 32. Bf1 f6 33. Rc1 Nf3+
34. Kg2 Ng5 35. h4 Ne6 36. Be2 Rb5 0-1

[Event "AUTO-MASTER-2663"]
[Site "http://www.queenalice.com/game.php?id=1524817"]
[Date "2018.4.24"]
[Round "2"]
[White "peritezz"]
[Black "yamato"]
[Result "1-0"]
[WhiteElo "2292"]
[BlackElo "2187"]

1. d4 Nf6 2. c4 d6 3. Nf3 Nbd7 4. Nc3 e5 5. dxe5 dxe5 6. e4 c6 7. Be2 Be7 8. O-O
O-O 9. Bg5 Qc7 10. h3 Re8 11. Qc2 Nc5 12. Be3 a5 13. Rad1 h6 14. Nh4 Bf8 15. Rd2
Be6 16. Nf5 Kh7 17. Ng3 Rad8 18. Rxd8 Rxd8 19. f4 Kg8 20. f5 Bc8 21. Nh5 Be7 22.
Nxf6+ gxf6 23. Bxh6 Kh7 24. Be3 Rg8 25. Bh5 Rg7 26. Rd1 b6 27. Qd2 Kg8 28. h4
Rh7 29. g4 Kg7 30. b3 Rh8 31. Qe2 Rd8 32. g5 Rxd1+ 33. Qxd1 Qd8 34. Qg4 Kf8 35.
g6 1-0

[Event "AUTO-MASTER-2663"]
[Site "http://www.queenalice.com/game.php?id=1524818"]
[Date "2018.4.24"]
[Round "2"]
[White "yamato"]
[Black "peritezz"]
[Result "0-1"]
[WhiteElo "2188"]
[BlackElo "2269"]

1. e4 c5 2. Nf3 d6 3. c3 Nf6 4. Bd3 g6 5. Bc2 Bg7 6. O-O Nc6 7. h3 O-O 8. d4
cxd4 9. cxd4 e5 10. Be3 d5 11. Nxe5 Nxe4 12. Nxc6 bxc6 13. Nd2 f5 14. Nf3 f4 15.
Bc1 Ng5 16. Nxg5 Qxg5 17. Kh1 Qh4 18. Qf3 g5 19. Kg1 g4 20. hxg4 Bxg4 21. Qd3 f3
22. Re1 fxg2 23. Qxh7+ Qxh7 0-1

[Event "AUTO-MASTER-2663"]
[Site "http://www.queenalice.com/game.php?id=1524819"]
[Date "2018.4.24"]
[Round "2"]
[White "peritezz"]
[Black "astrologo"]
[Result "1-0"]
[WhiteElo "2279"]
[BlackElo "2299"]

1. d4 Nf6 2. Nc3 b6 3. e4 Bb7 4. e5 Nd5 5. Nxd5 Bxd5 6. Nf3 d6 7. Bb5+ Bc6 8.
Bxc6+ Nxc6 9. O-O dxe5 10. dxe5 e6 11. c4 Qxd1 12. Rxd1 Rd8 13. Bg5 Be7 14.
Rxd8+ Bxd8 15. Be3 f6 16. exf6 Bxf6 17. Rb1 O-O 18. Kf1 Rd8 19. Ke2 Nd4+ 20.
Nxd4 Bxd4 21. Rd1 c5 22. Bxd4 Rxd4 23. Rxd4 cxd4 24. f4 Kf7 25. Kd3 Kf6 26. Kxd4
Kf5 27. b4 Kxf4 28. c5 e5+ 29. Kc4 bxc5 30. bxc5 e4 31. c6 e3 32. Kd3 1-0

[Event "AUTO-ELITE-2197"]
[Site "http://www.queenalice.com/game.php?id=1598620"]
[Date "2020.2.7"]
[Round "1"]
[White "pestiferous"]
[Black "peritezz"]
[Result "0-1"]
[WhiteElo "2208"]
[BlackElo "2324"]

1. c4 Nf6 2. g3 e6 3. Bg2 d5 4. Nf3 c6 5. O-O Bd6 6. d4 b6 7. b3 Nbd7 8. cxd5
cxd5 9. Ba3 Bxa3 10. Nxa3 O-O 11. Qd2 Ne4 12. Qd3 a5 13. Nd2 Ba6 14. Qe3 Qe7 15.
Nc2 Rac8 16. Rac1 Nc3 17. Rfe1 Nxa2 18. Nf3 Nxc1 19. Rxc1 h6 20. Qd2 Nf6 21. Rb1
Ne4 0-1

[Event "AUTO-ELITE-2197"]
[Site "http://www.queenalice.com/game.php?id=1598621"]
[Date "2020.2.7"]
[Round "1"]
[White "peritezz"]
[Black "pestiferous"]
[Result "1-0"]
[WhiteElo "2301"]
[BlackElo "2211"]

1. e4 e6 2. d4 d5 3. e5 c5 4. c3 Nc6 5. Nf3 Bd7 6. Be2 f6 7. Bf4 Qb6 8. Qd2 cxd4
9. cxd4 h6 10. Nc3 a6 11. Na4 Qb4 12. Nc3 g5 13. Be3 f5 14. a3 Qb6 15. Qc2 Be7
16. Na4 Qa5+ 17. Bd2 g4 18. Bxa5 1-0

[Event "AUTO-ELITE-2197"]
[Site "http://www.queenalice.com/game.php?id=1598628"]
[Date "2020.2.7"]
[Round "1"]
[White "peritezz"]
[Black "BEBADO"]
[Result "1-0"]
[WhiteElo "2310"]
[BlackElo "2383"]

1. e4 c5 2. Nf3 e6 3. Nc3 Nc6 4. Bc4 Nf6 5. d3 Be7 6. O-O d5 7. exd5 exd5 8. Bb3
O-O 9. h3 h6 10. Re1 Be6 11. a3 Re8 12. Bf4 Rc8 13. Qd2 Bf8 14. Ne2 d4 15. Bxe6
Rxe6 16. Ng3 Rxe1+ 17. Rxe1 Nd5 18. Nh5 Nxf4 19. Qxf4 Qd7 20. Qxh6 1-0

[Event "AUTO-ELITE-2197"]
[Site "http://www.queenalice.com/game.php?id=1598629"]
[Date "2020.2.7"]
[Round "1"]
[White "BEBADO"]
[Black "peritezz"]
[Result "1/2-1/2"]
[WhiteElo "2265"]
[BlackElo "2333"]

1. e4 c5 2. Nf3 d6 3. d4 cxd4 4. Nxd4 Nf6 5. Nc3 g6 6. Be3 Bg7 7. f3 O-O 8. Qd2
Nc6 9. Bc4 Bd7 10. O-O-O Ne5 11. Bb3 Rc8 12. h4 Nc4 13. Bxc4 Rxc4 14. h5 Nxh5
15. g4 Nf6 16. Bh6 Nxe4 17. Qe3 Rxc3 18. bxc3 Nf6 19. Bxg7 Kxg7 20. Rh2 Qa5 21.
Rdh1 Rh8 22. Qxe7 Qa3+ 23. Kb1 Re8 24. Rxh7+ Nxh7 25. Qxd7 Nf6 26. Qxb7 Qxc3 27.
Qb2 Re1+ 28. Rxe1 Qxe1+ 29. Qc1 1/2-1/2

[Event "AUTO-ELITE-2197"]
[Site "http://www.queenalice.com/game.php?id=1620786"]
[Date "2020.7.18"]
[Round "2"]
[White "peritezz"]
[Black "pony"]
[Result "1/2-1/2"]
[WhiteElo "2354"]
[BlackElo "2398"]

1. d4 Nf6 2. c4 Nc6 3. Nf3 e6 4. a3 d5 5. Nc3 dxc4 6. e4 Na5 7. Bxc4 Nxc4 8.
Qa4+ Bd7 9. Qxc4 Bc6 10. Bg5 Be7 11. Ne5 Bd7 12. O-O O-O 13. Rac1 Rc8 14. Bf4
Be8 15. Rfd1 c6 16. Qd3 Nd7 17. Nc4 Nb6 18. Na5 Qd7 19. Nb3 f6 20. Qg3 Bh5 21.
f3 Qe8 22. Nc5 Bxc5 23. dxc5 Nd7 24. Bd6 Rf7 25. Qh3 Bg6 26. f4 f5 27. e5 Nf8
28. b4 Rd7 29. Rc2 Bh5 30. Rd3 Bg4 31. Qe3 Ng6 32. h3 Bh5 33. a4 Qd8 34. g3 Nh8
35. Rg2 Nf7 36. a5 Kh8 37. g4 Bg6 38. Rd1 Nh6 39. Ne2 Qe8 40. Nd4 Qf7 41. g5 Ng8
42. Qb3 Ne7 43. Nxe6 Nd5 44. Nd4 Re8 45. Re1 Re6 46. Nxe6 Qxe6 47. Qf3 Bf7 48.
h4 Bg8 49. h5 Rd8 50. h6 g6 51. b5 cxb5 52. Rd1 b4 53. Rgd2 Nc3 54. Qxb7 Rd7 55.
Qxb4 Nxd1 56. Rxd1 Qa2 57. Qc3 Be6 58. c6 Rd8 59. c7 Rc8 60. Be7 Kg8 61. Rd8+
Kf7 62. Qc6 Qb1+ 63. Kf2 Qa2+ 64. Ke3 Qb3+ 65. Kd2 Qa2+ 66. Ke3 1/2-1/2

[Event "AUTO-ELITE-2197"]
[Site "http://www.queenalice.com/game.php?id=1620787"]
[Date "2020.7.18"]
[Round "2"]
[White "pony"]
[Black "peritezz"]
[Result "0-1"]
[WhiteElo "2397"]
[BlackElo "2331"]

1. e4 c5 2. Nc3 Nc6 3. Bb5 d6 4. Bxc6+ bxc6 5. d3 g6 6. f4 e6 7. Nf3 Bg7 8. O-O
Nf6 9. e5 Nd5 10. Ne4 dxe5 11. fxe5 O-O 12. Nxc5 f6 13. exf6 Bxf6 14. d4 Bg7 15.
c4 Ne7 16. Bg5 h6 17. Bxe7 Qxe7 18. Qe2 Rxf3 19. Qxf3 Bxd4+ 20. Kh1 Bxc5 21.
Qxc6 Bb7 22. Qa4 e5 23. Rad1 Bd4 24. Rd3 Be4 25. Rg3 Rf8 26. Qd1 Rxf1+ 27. Qxf1
Qf7 28. Qe2 Qf4 29. Qd1 Qf2 30. c5 Kg7 31. Rg4 Bc6 32. b4 h5 0-1

[Event "Challenge"]
[Site "http://www.queenalice.com/game.php?id=1629370"]
[Date "2020.10.9"]
[Round "-"]
[White "Numberone"]
[Black "peritezz"]
[Result "0-1"]
[WhiteElo "2236"]
[BlackElo "2345"]

1. e4 c5 2. b3 Nc6 3. Bb2 d6 4. Nf3 e5 5. Bc4 Be7 6. O-O Nf6 7. Nc3 O-O 8. h3 a6
9. a4 h6 10. Re1 Rb8 11. Nh2 Nd4 12. Nf3 Bd7 13. Nxd4 cxd4 14. Nd5 Nxd5 15. Bxd5
Bc6 16. c3 Bxd5 17. exd5 dxc3 18. dxc3 f5 19. c4 f4 20. Qg4 b6 21. Qg6 Qd7 22.
Kh2 Rf5 23. Bc3 a5 24. Qg4 f3 25. g3 Rbf8 26. Bd2 h5 0-1